000 00727nam a22001937a 4500
999 _c184694
_d184694
005 20220124161922.0
010 _aUR-11408
020 _c400.00
_a9789390100842
035 _aU-9963
037 _bDBAD/PUB
_adpl
082 _a841
100 _aا حمد حسين خا ن ا حمد شا ہجہا ں پو ر ی
245 _aخمحا نہہء حا فظ
_cا حمد حسين خا ن ا حمد شا ہجہا ں پو ر ی
246 _b‏Khumkhana-e-Hafiz(Urdu)
_aby Ghulam Ashraf Quadri
260 _aDelhi
_bEducational Publishing House
_c2020 ء
270 _a3191,Vakil Street,Kucha Pandit,Lal Kuan,
_bDelhi
_e110006
_k23216162
_l-
300 _a296ص
_c22 Cm(Hb)
942 _2ddc
_cUR
_h841
_mا ح م